[Event "Bucaramanga Feria op 2nd"]
[Site "Bucaramanga"]
[Date "2013.09.21"]
[Round "5"]
[White "Cardenas Rodriguez, Danilo"]
[Black "Gamboa Calderon, Jorge Samuel"]
[Result "1/2-1/2"]
[WhiteElo "1421"]
[BlackElo "1351"]
[PlyCount "48"]
[EventDate "2013.09.20"]
[EventType "swiss"]
[EventRounds "7"]
[EventCountry "COL"]
[SourceTitle "CBM 156 Extra"]
[Source "ChessBase"]
[SourceDate "2013.10.22"]
[SourceVersion "1"]
[SourceVersionDate "2013.10.22"]
[SourceQuality "1"]

1. e4 e5 2. d3 Bc5 3. Nf3 d6 4. Be2 Nf6 5. 0-0 0-0 6. Nc3 Nc6 7. a3 Nd4 8. Nxd4 exd4 9. Nd5 Nxd5 10. exd5 g5 11. b4 Bh3 12. gxh3 Bb6 13. Bh5 h6 14. Qg4 f6 15. Qf5 Qe7 16. Bb2 c5 17. bxc5 dxc5 18. Rae1 Qh7 19. Qxh7+ Kxh7 20. Re7+ Kg8 21. c3 Rae8 22. Rxe8 Rxe8 23. cxd4 Rf8 24. Rc1 Rc8 1/2-1/2